La oposición política en Colombia / (Registro nro. 5285)
[ vista simple ]
| 000 -LEADER | |
|---|---|
| fixed length control field | 01195nam a2200277Ia 4500 |
| 003 - CONTROL NUMBER IDENTIFIER | |
| control field | OSt |
| 005 - DATE AND TIME OF LATEST TRANSACTION | |
| control field | 20200515121152.0 |
| 008 - FIXED-LENGTH DATA ELEMENTS--GENERAL INFORMATION | |
| fixed length control field | 191128s9999 xx 000 0 und d |
| 020 ## - INTERNATIONAL STANDARD BOOK NUMBER | |
| International Standard Book Number | 9589272649 |
| 040 ## - CATALOGING SOURCE | |
| Original cataloging agency | CO-JMCR |
| Transcribing agency | CO-JMCR |
| 041 0# - LANGUAGE CODE | |
| Language code of text/sound track or separate title | spa |
| 082 04 - DEWEY DECIMAL CLASSIFICATION NUMBER | |
| Classification number | 328.369 / |
| Item number | P391o |
| Edition number | 23 |
| 100 1# - MAIN ENTRY--PERSONAL NAME | |
| Personal name | Pizarro Leongómez, Eduardo, |
| Relator term | autor |
| 9 (RLIN) | 4379 |
| 245 13 - TITLE STATEMENT | |
| Title | La oposición política en Colombia / |
| Statement of responsibility, etc. | Eduardo Pizarro Leongómez, Alvaro Villarraga Sarmiento y Francisco Gutiérrez Sanín |
| 250 ## - EDITION STATEMENT | |
| Edition statement | 1a edición |
| 260 ## - PUBLICATION, DISTRIBUTION, ETC. | |
| Place of publication, distribution, etc. | Bogotá : |
| Name of publisher, distributor, etc. | Fundación Friedrich Ebert de Colombia : Instituto de Estudios Políticos y Relaciones Internacionales, |
| Date of publication, distribution, etc. | 1996 |
| 300 ## - PHYSICAL DESCRIPTION | |
| Extent | 90 páginas ; |
| Dimensions | 20 cm. |
| 490 0# - SERIES STATEMENT | |
| Series statement | Debate político |
| 504 ## - BIBLIOGRAPHY, ETC. NOTE | |
| Bibliography, etc. note | Bibliografía: página 90 |
| 505 0# - FORMATTED CONTENTS NOTE | |
| Formatted contents note | Fundamentos y propuestas para una reforma política en Colombia -- Pluralización política y oposición -- Fuerzas no bipartidistas y desarrollo de las instancias participativas |
| 650 14 - SUBJECT ADDED ENTRY--TOPICAL TERM | |
| Topical term or geographic name entry element | Reforma política |
| Geographic subdivision | Colombia |
| 9 (RLIN) | 4380 |
| 651 1# - SUBJECT ADDED ENTRY--GEOGRAPHIC NAME | |
| Geographic name | Colombia |
| General subdivision | Política y gobierno |
| 9 (RLIN) | 4381 |
| 700 1# - ADDED ENTRY--PERSONAL NAME | |
| Personal name | Villarraga Sarmiento, Alvaro, |
| Relator term | autor |
| 9 (RLIN) | 4382 |
| 700 1# - ADDED ENTRY--PERSONAL NAME | |
| Personal name | Gutiérrez Sanín, Francisco, |
| Relator term | autor |
| 9 (RLIN) | 4383 |
| 942 ## - ADDED ENTRY ELEMENTS (KOHA) | |
| Source of classification or shelving scheme | Dewey Decimal Classification |
| Koha item type | Books |
| Withdrawn status | Lost status | Source of classification or shelving scheme | Damaged status | Not for loan | Collection code | Home library | Current library | Date acquired | Source of acquisition | Cost, normal purchase price | Total Checkouts | Full call number | Barcode | Date last seen | Copy number | Koha item type |
|---|---|---|---|---|---|---|---|---|---|---|---|---|---|---|---|---|
| Dewey Decimal Classification | Non-fiction | Biblioteca Pública José María del Castillo y Rada | Biblioteca Pública José María del Castillo y Rada | 04/15/2018 | Donación | 0.00 | 328.369 / P391o | 430001644 | 05/16/2024 | Ej.1 | Books |